| 000 | 00757nam a2200229Ia 4500 | ||
|---|---|---|---|
| 001 | 10166 | ||
| 003 | GE_BSU | ||
| 008 | 181216s||||||||xx |||||||||||||| ||und|| | ||
| 040 | _cGE_BSU | ||
| 080 | _a821.353.1–31 | ||
| 100 | _aსაყვარელიძე,პ. | ||
| 245 | _aდაფანტული ფურცლები | ||
| 245 | _bრომანი | ||
| 245 | _cრედ.ნ.ინასარიძე.მხატვ.ა.დუმბაძე | ||
| 260 | _aთბილისი | ||
| 260 | _bსაბჭოთა საქართველო | ||
| 260 | _c1962 | ||
| 300 | _a466გვ.1ფ.პორტრ. | ||
| 653 | _aდაფანტული ფურცლები | ||
| 653 | _aრომანი | ||
| 942 | _cBK | ||
| 999 |
_c43436 _d43436 |
||